[Event "Dortmunder SV 1 - Recklinghäuser SV Süd"]
[Site "Verbandsklasse, Gr. 1 2022/20"]
[Date "2023.03.19"]
[Round "6"]
[White "Lamers, Ludwig"]
[Black "Feldhaus, Tom"]
[Result "1-0"]
[WhiteElo "1680"]
[BlackElo "1719"]
[PlyCount "115"]
[EventDate "2023.??.??"]
[SourceDate "2022.10.02"]
[WhiteTeam "Dortmunder SV 1"]
[BlackTeam "Recklinghäuser SV Süd/Ost 1"]

1. d4 e6 2. c4 d5 3. Nf3 Nf6 4. Nc3 Be7 5. e3 O-O 6. Bd3 c5 7. O-O Nc6 8. a3
cxd4 9. Nxd4 Nxd4 10. exd4 dxc4 11. Bxc4 b6 12. Qf3 Rb8 13. Bf4 Bb7 14. Qe3 Rc8
15. Bb3 Nd5 16. Nxd5 Bxd5 17. Rad1 Qd7 18. Rfe1 Rfd8 19. Be5 Qb5 20. Qg3 Bf8
21. Bxd5 Rxd5 22. b4 g6 23. h4 h5 24. Qg5 Bg7 25. g4 hxg4 26. h5 Bxe5 27. dxe5
Qe8 28. Rxd5 exd5 29. Qxg4 Qe6 30. Qg5 Kh7 31. Kg2 Rc3 32. Rh1 Kg7 33. Rh4 Qf5
34. Qxf5 gxf5 35. h6+ Kh7 36. Rh5 Rc7 37. f4 Rc8 38. Rxf5 Kxh6 39. Rxf7 Rc2+
40. Kf1 d4 41. Rxa7 Kg6 42. Rd7 Ra2 43. Rxd4 Rxa3 44. Rd6+ Kf5 45. Rf6+ Ke4 46.
Kg2 Ra8 47. e6 Re8 48. f5 Ke5 49. Rf7 Kd6 50. Kf3 b5 51. Ke4 Rc8 52. Rd7+ Kc6
53. f6 Re8 54. Ke5 Rh8 55. f7 Rh5+ 56. Kf6 Rh6+ 57. Ke7 Rh7 58. Ke8 1-0

[Event "Unna- Drewer"]
[Site "?"]
[Date "2023.03.19"]
[Round "6.1"]
[White "Mittmann, Volker"]
[Black "Barskij, Aleksandr"]
[Result "0-1"]
[WhiteElo "1853"]
[BlackElo "1882"]
[PlyCount "54"]
[SourceDate "2022.10.02"]

1. e4 c5 2. Nf3 Nc6 3. d4 cxd4 4. Nxd4 Nf6 5. Nc3 d6 6. Bc4 e6 7. Bb3 a6 8. Be3
Qc7 9. Qe2 Na5 10. g4 b5 11. g5 Nd7 12. Bxe6 fxe6 13. Nxe6 Qc4 14. Nd5 Qxe2+
15. Kxe2 Kf7 16. Nec7 Rb8 17. Bd4 Bb7 18. Rhg1 Nc6 19. Bc3 Nce5 20. h4 Nc5 21.
f4 Bxd5 22. Nxd5 Nc6 23. Kf3 b4 24. Bd2 Nd4+ 25. Kg4 Nxe4 26. Bxb4 Nxc2 27. Bc3
Nxa1 0-1

[Event "Unna- Drewer"]
[Site "?"]
[Date "2023.03.19"]
[Round "6.2"]
[White "Morawietz, Manuel"]
[Black "Uhlich, Wilfried"]
[Result "1-0"]
[WhiteElo "1921"]
[BlackElo "1797"]
[PlyCount "65"]
[SourceDate "2022.10.02"]

1. e4 c6 2. d4 d5 3. e5 Bf5 4. c4 dxc4 5. Bxc4 e6 6. Nc3 Nd7 7. Nge2 Ne7 8. Ng3
Nb6 9. Bb3 Bg6 10. h4 h6 11. h5 Bh7 12. Qg4 Nf5 13. Be3 a5 14. Nxf5 Bxf5 15.
Qd1 Bb4 16. a3 Bxc3+ 17. bxc3 Nd5 18. Bd2 b5 19. Qf3 a4 20. Ba2 Qb6 21. g4 Bh7
22. g5 Bf5 23. gxh6 gxh6 24. Rg1 O-O-O 25. O-O-O Qb7 26. Rg7 Nb6 27. Bb1 Bxb1
28. Rxf7 Rd7 29. Rf8+ Rd8 30. Rxh8 Rxh8 31. Kxb1 Qh7+ 32. Kc1 Qe7 33. Qxc6+ 1-0

[Event "Unna- Drewer"]
[Site "?"]
[Date "2023.03.19"]
[Round "6.3"]
[White "Kraft, Marius"]
[Black "Kraemer, Sascha"]
[Result "1/2-1/2"]
[WhiteElo "1604"]
[BlackElo "1911"]
[PlyCount "31"]
[SourceDate "2022.10.02"]

1. e4 c5 2. Nc3 d6 3. g3 Nc6 4. Bg2 Nf6 5. d3 g6 6. f4 Bg7 7. Nf3 Bd7 8. h3 Rb8
9. g4 O-O 10. Be3 b5 11. Qd2 c4 12. e5 Ne8 13. d4 b4 14. Ne2 e6 15. exd6 Nxd6
16. Ne5 1/2-1/2

[Event "Unna- Drewer"]
[Site "?"]
[Date "2023.03.19"]
[Round "6.4"]
[White "Humpert, Dominik"]
[Black "Berner, Henri"]
[Result "0-1"]
[WhiteElo "1837"]
[BlackElo "1551"]
[Annotator "daniel"]
[PlyCount "82"]
[SourceDate "2022.10.02"]

1. e4 d5 2. exd5 Nf6 3. d4 Nxd5 4. c4 Nb6 5. Nc3 g6 6. Be3 Bg7 7. Qd2 Nc6 8.
Rd1 O-O 9. d5 Ne5 10. b3 c6 11. h3 cxd5 12. c5 Nbd7 13. Nxd5 e6 14. Nb4 a5 15.
Nd3 Qc7 16. Nxe5 Bxe5 17. f4 Bf6 18. Qd6 Bc3+ $11 19. Bd2 Qxc5 20. Qxc5 Bxd2+
21. Rxd2 Nxc5 22. Bb5 b6 23. Ne2 Bb7 24. O-O Rfd8 25. Rfd1 Rxd2 26. Rxd2 Ba6
27. Nc3 Ne4 28. Nxe4 Bxb5 29. Rd6 Rb8 30. a4 Be8 31. g4 h6 32. Kf2 Kf8 33. Ke3
Ke7 34. Rd2 b5 35. axb5 Rxb5 36. Rd3 Bd7 37. h4 e5 38. Nc3 exf4+ 39. Kxf4 Rb4+
40. Kf3 Bc6+ 41. Kg3 Rxb3 0-1

[Event "Unna- Drewer"]
[Site "?"]
[Date "2023.03.19"]
[Round "6.5"]
[White "Mittmann, Sebastian"]
[Black "Solberg, Kirsten"]
[Result "0-1"]
[WhiteElo "1623"]
[BlackElo "1925"]
[PlyCount "58"]
[SourceDate "2022.10.02"]

1. d4 d5 2. Nf3 e6 3. e3 Nf6 4. b3 Be7 5. Bb2 O-O 6. Nbd2 Nbd7 7. Bd3 c5 8. O-O
Re8 9. c4 Nf8 10. Ne5 N6d7 11. f4 f6 12. Nef3 Bd6 13. Rc1 b6 14. g3 Bb7 15. e4
cxd4 16. exd5 Nc5 17. Bb1 exd5 18. Nxd4 Ne4 19. cxd5 Bxd5 20. Nxe4 Bxe4 21.
Bxe4 Rxe4 22. Nf3 Bc5+ 23. Kh1 Qxd1 24. Rfxd1 Re2 25. Rd2 Rae8 26. Rcc2 R2e3
27. Kg2 Bb4 28. Rf2 Ne6 29. Rfe2 Nxf4+ 0-1

[Event "Unna- Drewer"]
[Site "?"]
[Date "2023.03.19"]
[Round "6.6"]
[White "Irlaender, Walter"]
[Black "Hess, Marcel"]
[Result "1/2-1/2"]
[WhiteElo "1782"]
[BlackElo "1591"]
[PlyCount "74"]
[SourceDate "2022.10.02"]

1. e4 e5 2. d4 exd4 3. Nf3 Nc6 4. Bc4 Bc5 5. O-O Nf6 6. Bg5 d6 7. a3 a5 8. Nbd2
O-O 9. h3 Be6 10. Re1 Re8 11. Bb5 Bd7 12. Nb3 Ne5 13. Bxd7 Nexd7 14. Nbxd4 Qc8
15. Qd3 Bb6 16. Bxf6 Nxf6 17. Nf5 Qe6 18. Nd2 Rad8 19. c4 Qe5 20. b4 Qf4 21.
Qg3 Qxg3 22. Nxg3 axb4 23. axb4 Bd4 24. Ra3 Ra8 25. Rd3 Be5 26. Ne2 Ra2 27. f4
Rxd2 28. Rxd2 Nxe4 29. Rdd1 Bb2 30. Ng3 Nf6 31. Rxe8+ Nxe8 32. Ne2 Kf8 33. Rd2
Ba3 34. b5 Nf6 35. Ra2 Bc5+ 36. Kf1 Ne4 37. Ra8+ Ke7 1/2-1/2

[Event "Unna- Drewer"]
[Site "?"]
[Date "2023.03.19"]
[Round "6.7"]
[White "Herche, Niklas"]
[Black "Volkermann, Thomas"]
[Result "1/2-1/2"]
[WhiteElo "1582"]
[BlackElo "1575"]
[PlyCount "70"]
[SourceDate "2022.10.02"]

1. d4 Nf6 2. Nf3 d5 3. e3 Bg4 4. Bd3 e6 5. Nbd2 Nbd7 6. O-O c5 7. c3 Be7 8. Re1
O-O 9. h3 Bh5 10. Nf1 Ne4 11. Ng3 Nxg3 12. fxg3 Bd6 13. g4 Bg6 14. e4 dxe4 15.
Bxe4 Bxe4 16. Rxe4 Nf6 17. Re2 cxd4 18. cxd4 Nd5 19. Qd3 Bf4 20. Qe4 Bxc1 21.
Rxc1 Rc8 22. Rf1 Rc7 23. g5 Qe7 24. Rfe1 Qd6 25. Ne5 Nb4 26. a3 Nc6 27. Nf3 Rd8
28. Rd2 Rcd7 29. Red1 Qd5 30. Qf4 Qc4 31. Kh2 Qd5 32. h4 Qd6 33. g3 Qd5 34. h5
Qd6 35. Kg2 a5 1/2-1/2

[Event "Unna- Drewer"]
[Site "?"]
[Date "2023.03.19"]
[Round "6.8"]
[White "Grube, Frank"]
[Black "Broich, Rene"]
[Result "0-1"]
[WhiteElo "1901"]
[BlackElo "1448"]
[PlyCount "32"]
[SourceDate "2022.10.02"]

1. d4 d5 2. Nf3 Nf6 3. e3 e6 4. Bd3 Be7 5. O-O O-O 6. Nbd2 Nbd7 7. b3 c5 8. Bb2
b6 9. Ne5 Bb7 10. f4 Ne4 11. f5 Bg5 12. Qe2 Nxd2 13. Qxd2 cxd4 14. Bxd4 Nxe5
15. Bxe5 d4 16. Bxd4 Qxd4 0-1

[Event "Katernberg 4- Welper 2"]
[Site "?"]
[Date "2023.03.19"]
[Round "6.1"]
[White "Marx, Patrick"]
[Black "Huettemann, Karl- Heinz"]
[Result "1/2-1/2"]
[WhiteElo "1963"]
[BlackElo "2033"]
[Annotator "daniel"]
[PlyCount "64"]
[SourceDate "2022.10.02"]

1. d4 d5 2. Nf3 Nf6 3. Bg5 e6 4. e3 Be7 5. Bd3 O-O 6. Nbd2 Nbd7 7. O-O h6 8.
Bh4 b6 9. c3 Bb7 10. Ne5 Ne4 11. Bxe7 Qxe7 12. f4 Nxe5 13. dxe5 Nxd2 $11 14.
Qxd2 g6 15. Qc2 Kg7 16. Rf3 Bc6 17. Rg3 Be8 18. Rg4 c5 19. h4 h5 20. Rg5 Rh8
21. Qe2 f5 22. exf6+ Qxf6 23. g4 Kf8 24. Rf1 Bf7 25. f5 gxf5 26. Bxf5 exf5 27.
Rgxf5 Qxh4 28. Rxf7+ Kg8 29. Qg2 Qxg4 30. Qxg4+ hxg4 31. R7f5 Rh7 32. Rxd5 Re8
1/2-1/2

[Event "Katernberg 4- Welper 2"]
[Site "?"]
[Date "2023.03.19"]
[Round "6.2"]
[White "Berresheim, Nils"]
[Black "Sharma, Danesh"]
[Result "0-1"]
[WhiteElo "1792"]
[BlackElo "2065"]
[PlyCount "42"]
[SourceDate "2022.10.02"]

1. d4 Nf6 2. c4 g6 3. Nc3 Bg7 4. e4 d6 5. Be2 O-O 6. Be3 e5 7. d5 Na6 8. g4 Nc5
9. f3 a5 10. h4 c6 11. Qd2 a4 12. Nh3 Bxg4 13. fxg4 Nfxe4 14. Nxe4 Nxe4 15. Qc2
cxd5 16. cxd5 Qa5+ 17. Bd2 Qxd5 18. Bf3 Qxd2+ 19. Qxd2 Nxd2 20. Bd5 Ra5 21.
Bxb7 Rb8 0-1

[Event "Katernberg 4- Welper 2"]
[Site "?"]
[Date "2023.03.19"]
[Round "6.3"]
[White "Teich, Udo"]
[Black "Mamikonyan, Davit"]
[Result "0-1"]
[WhiteElo "1996"]
[BlackElo "1890"]
[PlyCount "68"]
[SourceDate "2022.10.02"]

1. Nf3 Nf6 2. c4 g6 3. g3 Bg7 4. Bg2 O-O 5. d4 c6 6. Nc3 d5 7. cxd5 Nxd5 8. O-O
Nd7 9. Re1 Nxc3 10. bxc3 e5 11. e4 Re8 12. Qc2 b6 13. Be3 Bb7 14. Rad1 Qc7 15.
Nxe5 Nxe5 16. dxe5 Qxe5 17. Bd4 Qe7 18. Bxg7 Kxg7 19. e5 Rad8 20. Rxd8 Rxd8 21.
Qe4 Rd7 22. Qe3 c5 23. Bxb7 Rxb7 24. Rd1 Rd7 25. Rxd7 Qxd7 26. Qf4 Qe6 27. c4
h6 28. Qe4 b5 29. Kf1 bxc4 30. Ke2 c3 31. Kd3 c2 32. Qf4 Qxa2 33. e6 Qxe6 34.
Kxc2 Qf5+ 0-1

[Event "Katernberg 4- Welper 2"]
[Site "?"]
[Date "2023.03.19"]
[Round "6.4"]
[White "Riesenbeck, Juergen"]
[Black "Leimkuehler, Dirk"]
[Result "1/2-1/2"]
[WhiteElo "2097"]
[BlackElo "1842"]
[PlyCount "28"]
[SourceDate "2022.10.02"]

1. e4 d5 2. exd5 Qxd5 3. Nc3 Qd6 4. d4 Nf6 5. Nf3 Bg4 6. Be2 c6 7. O-O e6 8.
Be3 Nbd7 9. Qd2 Qc7 10. h3 Bh5 11. Rad1 Bd6 12. Rfe1 Nb6 13. Bg5 Nbd5 14. Nxd5
Nxd5 1/2-1/2

[Event "Katernberg 4- Welper 2"]
[Site "?"]
[Date "2023.03.19"]
[Round "6.5"]
[White "Sharma, Rakesh"]
[Black "Sikorski, Thomas"]
[Result "1/2-1/2"]
[WhiteElo "1843"]
[BlackElo "1749"]
[PlyCount "47"]
[SourceDate "2022.10.02"]

1. d4 c6 2. Nf3 d6 3. Bg5 Nf6 4. Bxf6 exf6 5. e3 Qb6 6. Qc1 Be7 7. Bd3 Bg4 8.
Nbd2 Nd7 9. O-O O-O 10. h3 Bh5 11. Nh4 Rfe8 12. Nf5 Bf8 13. Ne4 d5 14. Neg3 Bg6
15. h4 Qc7 16. h5 Bxf5 17. Nxf5 g6 18. Nh4 f5 19. c4 Qd8 20. g3 Nf6 21. hxg6
fxg6 22. Ng2 Ne4 23. Nf4 Bd6 24. Kg2 1/2-1/2

[Event "Katernberg 4- Welper 2"]
[Site "?"]
[Date "2023.03.19"]
[Round "6.6"]
[White "Wolff, Michael"]
[Black "Heidt, Viktor"]
[Result "0-1"]
[WhiteElo "1877"]
[BlackElo "1670"]
[PlyCount "92"]
[SourceDate "2022.10.02"]

1. c4 Nf6 2. Nc3 e6 3. e4 d5 4. e5 d4 5. Nce2 Ng4 6. f4 Nh6 7. a3 c5 8. Nf3 Nc6
9. d3 Be7 10. g3 O-O 11. Bg2 f6 12. exf6 Bxf6 13. O-O Nf7 14. Nd2 Nd6 15. Ne4
Nxe4 16. Bxe4 e5 17. f5 Bg5 18. h4 Bxc1 19. Rxc1 Qf6 20. Qe1 h5 21. Qd2 Ne7 22.
b4 cxb4 23. axb4 Nxf5 24. Rf3 Qe7 25. Rcf1 g6 26. Kh2 Be6 27. Bxf5 Bxf5 28. Qe1
Rae8 29. Qf2 Bxd3 30. Re1 Qxb4 31. Nf4 Bf5 32. Rc1 e4 33. Nd5 Qd6 34. Rf4 Qe5
35. Qb2 b6 36. Qb5 e3 37. Re1 d3 38. Rxe3 Qxe3 39. Nxe3 Rxe3 40. Qd5+ Rf7 41.
Qd8+ Kh7 42. Qd4 Re2+ 43. Kg1 Rd7 44. Qa1 d2 45. Rf1 Rde7 46. Qc3 R7e3 0-1

[Event "Katernberg 4- Welper 2"]
[Site "?"]
[Date "2023.03.19"]
[Round "6.7"]
[White "Wallhof, Dieter"]
[Black "Dette, Tim"]
[Result "1/2-1/2"]
[WhiteElo "1902"]
[BlackElo "1816"]
[PlyCount "70"]
[SourceDate "2022.10.02"]

1. c4 c5 2. g3 Nc6 3. Bg2 d6 4. Nc3 Nf6 5. d3 g6 6. Bd2 Bg7 7. Qc1 h5 8. h4 Bd7
9. Nf3 a6 10. Ng5 Rb8 11. Rb1 b5 12. b3 b4 13. Nd1 Qa5 14. a4 Nd4 15. e3 Bc6
16. exd4 Bxg2 17. Rg1 Bc6 18. d5 Bd7 19. Ne3 Ng4 20. Nxg4 Bxg4 21. f3 Bf5 22.
Ne4 Qc7 23. Kf2 Qd7 24. Re1 Bxe4 25. dxe4 O-O 26. Kg2 f5 27. f4 fxe4 28. Rxe4
Qf5 29. Qe1 Bc3 30. Rd1 Rbe8 31. Qe2 Bf6 32. Rf1 a5 33. Bc1 Rf7 34. Re1 Kf8 35.
Rf1 Kg8 1/2-1/2

[Event "Mengede- Günnigfeld"]
[Site "?"]
[Date "2023.03.19"]
[Round "6.1"]
[White "Freisen, Thomas"]
[Black "Borgschulze, Maik"]
[Result "1/2-1/2"]
[WhiteElo "1942"]
[BlackElo "2120"]
[PlyCount "30"]
[SourceDate "2022.10.02"]

1. d4 Nf6 2. c4 e6 3. Nf3 b6 4. g3 Bb7 5. Bg2 Be7 6. O-O O-O 7. Nc3 Ne4 8. Bd2
Bf6 9. h4 c5 10. Rc1 cxd4 11. Nxe4 Bxe4 12. Bb4 Re8 13. Nxd4 Bxg2 14. Kxg2 d5
15. b3 Bxd4 1/2-1/2

[Event "Mengede- Günnigfeld"]
[Site "?"]
[Date "2023.03.19"]
[Round "6.2"]
[White "Delvos, Thorsten"]
[Black "Jaennekes, Oliver"]
[Result "1/2-1/2"]
[WhiteElo "2000"]
[BlackElo "1933"]
[PlyCount "43"]
[SourceDate "2022.10.02"]

1. c4 e5 2. g3 Nf6 3. Bg2 Nc6 4. Nc3 Bb4 5. e4 O-O 6. Nge2 d6 7. O-O Bg4 8. h3
Bh5 9. g4 Bg6 10. d3 h5 11. Bg5 hxg4 12. hxg4 Bxc3 13. Nxc3 Nd4 14. f4 exf4 15.
Rxf4 Ne6 16. Bxf6 gxf6 17. Rf2 c6 18. Qf3 Kg7 19. Raf1 Rh8 20. Qxf6+ Qxf6 21.
Rxf6 Rh4 22. Nd1 1/2-1/2

[Event "Mengede- Günnigfeld"]
[Site "?"]
[Date "2023.03.19"]
[Round "6.3"]
[White "Markus, Peter"]
[Black "Weinert, Christian"]
[Result "1-0"]
[WhiteElo "1857"]
[BlackElo "1943"]
[PlyCount "69"]
[SourceDate "2022.10.02"]

1. e4 e6 2. c4 d5 3. exd5 exd5 4. cxd5 Nf6 5. Nc3 Be7 6. Nf3 Nbd7 7. d4 Nb6 8.
Bd3 O-O 9. O-O Nbxd5 10. h3 Re8 11. a3 Nxc3 12. bxc3 c5 13. Re1 b6 14. Ne5 Bb7
15. Bc4 Nd5 16. Qh5 g6 17. Qf3 Bf6 18. Bg5 Re6 19. Nxf7 Rxe1+ 20. Rxe1 Kxf7 21.
Re5 Kg7 22. Bxd5 Bxd5 23. Rxd5 Bxg5 24. Rxd8 Rxd8 25. Qb7+ Kh6 26. dxc5 bxc5
27. Qxa7 Rd1+ 28. Kh2 Bf4+ 29. g3 Bd6 30. c4 Rd2 31. Kg2 Ra2 32. a4 Bf8 33. a5
Ra4 34. a6 Rxc4 35. Qf7 1-0

[Event "Mengede- Günnigfeld"]
[Site "?"]
[Date "2023.03.19"]
[Round "6.4"]
[White "Bork, Sophie"]
[Black "Radi, Guenter"]
[Result "1/2-1/2"]
[WhiteElo "1815"]
[BlackElo "1901"]
[PlyCount "117"]
[SourceDate "2022.10.02"]

1. e4 e6 2. d4 d5 3. Nd2 c5 4. exd5 exd5 5. Ngf3 Nc6 6. Bb5 Qe7+ 7. Qe2 Qxe2+
8. Kxe2 Bd7 9. dxc5 Bxc5 10. Nb3 Bb6 11. Re1 f6 12. Kf1+ Nge7 13. a4 a6 14.
Bxc6 bxc6 15. Bd2 a5 16. Be3 Bxe3 17. Rxe3 Kd8 18. Nc5 Nf5 19. Rb3 Nd6 20. Re1
Re8 21. Rxe8+ Nxe8 22. Nd4 Ra7 23. Rb8+ Kc7 24. Nxd7 Kxd7 25. Nxc6 Rc7 26. Rd8+
Kxc6 27. Rxe8 Kc5 28. Re2 Kb4 29. b3 d4 30. Ke1 d3 31. cxd3 Kxb3 32. Re4 Kc3
33. Ke2 Rc5 34. f4 Rc7 35. Ke3 Kb3 36. g4 Rc1 37. Kf2 Rc2+ 38. Kg3 Rc7 39. Kf3
Rd7 40. Ke3 Rc7 41. h4 g6 42. f5 Rc1 43. fxg6 hxg6 44. Kf3 Rd1 45. h5 gxh5 46.
gxh5 Rh1 47. Kg4 Rg1+ 48. Kf5 Rg5+ 49. Kxf6 Rxh5 50. Ke6 Kc3 51. d4 Kc4 52. d5+
Kc5 53. Re5 Rh6+ 54. Kf5 Kd4 55. Re4+ Kxd5 56. Re5+ Kc4 57. Kg5 Ra6 58. Rb5 Kd4
59. Kf5 1/2-1/2

[Event "Mengede- Günnigfeld"]
[Site "?"]
[Date "2023.03.19"]
[Round "6.5"]
[White "Bender, Markus"]
[Black "Kraus, Reinhard"]
[Result "0-1"]
[WhiteElo "1849"]
[BlackElo "1776"]
[Annotator "daniel"]
[PlyCount "116"]
[SourceDate "2022.10.02"]

1. d4 Nf6 2. Bf4 c5 3. e3 e6 4. c3 cxd4 5. exd4 b6 6. Nd2 Ba6 7. Qf3 d5 8. Bxa6
Nxa6 9. Qd3 Nc7 10. Ngf3 Nh5 11. Bg3 Bd6 12. Ne5 f6 13. Ng6 hxg6 14. Qxg6+ Kf8
15. O-O-O Nf4 16. Qc2 Nxg2 17. Nf3 Nf4 18. Kb1 g5 19. Qd2 Qe7 20. h4 g4 21.
Bxf4 Bxf4 22. Qxf4 gxf3 23. Rde1 Rh5 24. Rhg1 Ne8 25. Qxf3 Qh7+ 26. Ka1 Rf5 27.
Qg3 Ke7 28. Qh3 Nd6 29. f3 Rg8 30. Rg4 Rxg4 31. Qxg4 Qh5 32. Qg8 Qf7 33. Qa8 b5
34. Qxa7+ Kf8 35. Qb8+ Ne8 36. Qxb5 Rxf3 37. a4 Qe7 38. Rh1 Nd6 39. Qb8+ Ne8
40. h5 Qc7 41. Qb4+ Qd6 $11 42. Qb3 Qf4 43. Ka2 Rf1 44. Qb4+ Kf7 45. Qb7+ Kf8
46. Rxf1 Qxf1 47. a5 Qc4+ 48. Ka3 Nc7 49. Qb4+ Qxb4+ 50. Kxb4 f5 51. c4 f4 52.
cxd5 f3 53. d6 Nd5+ 54. Kc5 f2 55. d7 Ke7 56. d8=Q+ Kxd8 57. h6 f1=Q 58. a6
Qxa6 0-1

[Event "Mengede- Günnigfeld"]
[Site "?"]
[Date "2023.03.19"]
[Round "6.6"]
[White "Echargui, Amin"]
[Black "Bauer, Matthias"]
[Result "1-0"]
[WhiteElo "1776"]
[BlackElo "1623"]
[PlyCount "53"]
[SourceDate "2022.10.02"]

1. e4 c6 2. d4 d5 3. e5 Bf5 4. Nf3 e6 5. Be2 c5 6. Be3 Qb6 7. Nc3 Nc6 8. O-O c4
9. b3 cxb3 10. axb3 Bb4 11. Nb5 Nh6 12. c4 Be7 13. c5 Qd8 14. Qd2 a6 15. Bxh6
gxh6 16. Nd6+ Bxd6 17. cxd6 Rg8 18. Rfc1 Kd7 19. b4 Rc8 20. b5 axb5 21. Bxb5
Be4 22. Bxc6+ Rxc6 23. Rxc6 Bxf3 24. Rc7+ Ke8 25. Qf4 Rxg2+ 26. Kf1 Rg7 27.
Qxf3 1-0

[Event "Mengede- Günnigfeld"]
[Site "?"]
[Date "2023.03.19"]
[Round "6.7"]
[White "Kampmann, Marcel"]
[Black "Ropel, Dennis"]
[Result "0-1"]
[WhiteElo "1566"]
[BlackElo "1743"]
[PlyCount "78"]
[SourceDate "2022.10.02"]

1. Nf3 Nf6 2. g3 g6 3. Bg2 Bg7 4. O-O O-O 5. d3 d5 6. Nbd2 c5 7. c3 Nc6 8. e4
e5 9. a3 Be6 10. Re1 dxe4 11. dxe4 h6 12. Qc2 Rc8 13. b3 b5 14. h3 Qb6 15. Bb2
Nd7 16. Rad1 a5 17. Nf1 b4 18. axb4 axb4 19. c4 Nd4 20. Qd3 Ra8 21. Ra1 Qd6 22.
Nxd4 cxd4 23. Nd2 Nc5 24. Qf1 h5 25. f4 Rxa1 26. Rxa1 f5 27. exf5 Bxf5 28. Bd5+
Kh8 29. Nf3 Nxb3 30. Ra7 Bf6 31. fxe5 Bxe5 32. Ng5 Bg7 33. Qf2 Be6 34. Nf7+
Bxf7 35. Rxf7 Rxf7 36. Qxf7 Qxg3+ 37. Kh1 Qxh3+ 38. Kg1 Qg4+ 39. Kh1 Kh7 0-1

[Event "Mengede- Günnigfeld"]
[Site "?"]
[Date "2023.03.19"]
[Round "6.8"]
[White "Schmidt, Jonas"]
[Black "Evers, Klaus"]
[Result "1-0"]
[WhiteElo "1728"]
[BlackElo "1620"]
[PlyCount "47"]
[SourceDate "2022.10.02"]

1. e4 c5 2. Nf3 d6 3. g3 Nf6 4. d3 e6 5. Bg2 Be7 6. O-O Nc6 7. c3 O-O 8. Nbd2
Qc7 9. h3 d5 10. Kh2 Rd8 11. Qe2 Bd6 12. Nb3 Nh5 13. Ng5 Bxg3+ 14. fxg3 Nxg3
15. Bf4 Nxf1+ 16. Rxf1 e5 17. Bg3 f6 18. exd5 Ne7 19. Ne6 Bxe6 20. dxe6 Rab8
21. d4 cxd4 22. cxd4 Qd6 23. dxe5 Qxe6 24. Nc5 1-0

[Event "Oberhausen- Kray"]
[Site "?"]
[Date "2023.03.19"]
[Round "6.1"]
[White "Happe, Ulrich"]
[Black "Puetter, Pascal"]
[Result "1/2-1/2"]
[WhiteElo "2117"]
[BlackElo "2002"]
[PlyCount "47"]
[SourceDate "2022.10.02"]

1. Nf3 d5 2. g3 c5 3. Bg2 Nc6 4. d4 Nf6 5. O-O e6 6. c4 dxc4 7. Qa4 Bd7 8. dxc5
Qa5 9. Qxc4 Qxc5 10. Na3 Be7 11. Be3 Qxc4 12. Nxc4 Nd5 13. Bd2 O-O 14. Rfd1
Rfd8 15. Ne3 Nxe3 16. Bxe3 e5 17. a3 Be6 18. b4 f6 19. Rac1 Kf7 20. Ne1 Rxd1
21. Rxd1 Rc8 22. Kf1 b6 23. Rc1 Nd8 24. Rxc8 1/2-1/2

[Event "Oberhausen- Kray"]
[Site "?"]
[Date "2023.03.19"]
[Round "6.2"]
[White "Kyas, Jens"]
[Black "Landau, Christian"]
[Result "1/2-1/2"]
[WhiteElo "1629"]
[BlackElo "2119"]
[PlyCount "53"]
[SourceDate "2022.10.02"]

1. d4 g6 2. e4 Bg7 3. Be3 c5 4. Nf3 Nc6 5. Nc3 cxd4 6. Nxd4 Nf6 7. Bc4 O-O 8.
O-O Nxe4 9. Nxe4 d5 10. Nxc6 bxc6 11. Bd3 dxe4 12. Bxe4 Qc7 13. c3 Rb8 14. Rb1
f5 15. Bd3 Rd8 16. Bc4+ Kh8 17. Qa4 c5 18. Rfd1 Bd7 19. Qa3 f4 20. Bxc5 Bf5 21.
Rxd8+ Rxd8 22. Re1 e5 23. Qxa7 Qxa7 24. Bxa7 Rd2 25. Bb3 Rxb2 26. Rd1 Bf6 27.
h3 1/2-1/2

[Event "Oberhausen- Kray"]
[Site "?"]
[Date "2023.03.19"]
[Round "6.4"]
[White "Kuckelkorn, Joerg"]
[Black "Laarmann, Gerd"]
[Result "1-0"]
[WhiteElo "1820"]
[BlackElo "1833"]
[PlyCount "67"]
[SourceDate "2022.10.02"]

1. f4 d5 2. Nf3 Nf6 3. g3 g6 4. Bg2 Bg7 5. d3 c5 6. O-O Nc6 7. Nc3 d4 8. Ne4
Nxe4 9. dxe4 e5 10. f5 f6 11. g4 g5 12. e3 O-O 13. c3 Qb6 14. b4 Rd8 15. bxc5
Qxc5 16. Qb3+ Kh8 17. cxd4 exd4 18. exd4 Nxd4 19. Nxd4 Qxd4+ 20. Be3 Qd3 21.
Rfd1 Qxb3 22. axb3 Bd7 23. Rxa7 Bc6 24. Rxa8 Rxa8 25. e5 fxe5 26. Bxg5 e4 27.
Be3 Be5 28. Bd4 Re8 29. h4 Kg8 30. Bf1 h5 31. g5 Rd8 32. Bc4+ Kf8 33. Bc5+ Ke8
34. Bf7+ 1-0

[Event "Oberhausen- Kray"]
[Site "?"]
[Date "2023.03.19"]
[Round "6.5"]
[White "Greger, Helmut"]
[Black "Matthes, Severin"]
[Result "1/2-1/2"]
[WhiteElo "1807"]
[BlackElo "1870"]
[PlyCount "38"]
[SourceDate "2022.10.02"]

1. c4 Nf6 2. Nf3 e6 3. g3 d5 4. Bg2 Be7 5. O-O O-O 6. d4 Nbd7 7. cxd5 exd5 8.
Nc3 c6 9. Bf4 Ne4 10. Nxe4 dxe4 11. Nd2 f5 12. Qb3+ Kh8 13. Nc4 Nf6 14. Ne5
Qxd4 15. Rfd1 Qb4 16. Nf7+ Kg8 17. Nh6+ Kh8 18. Nf7+ Kg8 19. Nh6+ Kh8 1/2-1/2

[Event "Oberhausen- Kray"]
[Site "?"]
[Date "2023.03.19"]
[Round "6.6"]
[White "Hortolani, Holger"]
[Black "Ophoven, Hermann"]
[Result "1-0"]
[WhiteElo "2135"]
[BlackElo "1710"]
[PlyCount "71"]
[SourceDate "2022.10.02"]

1. Nf3 g6 2. g3 Bg7 3. d4 d6 4. Bg2 Nf6 5. O-O O-O 6. b3 c6 7. Bb2 Re8 8. Re1
d5 9. c4 Bf5 10. Nc3 Ne4 11. Nxe4 Bxe4 12. Nd2 Bxg2 13. Kxg2 Nd7 14. e4 dxe4
15. Nxe4 c5 16. Qd2 cxd4 17. Bxd4 Bxd4 18. Qxd4 Nf8 19. Rad1 Qa5 20. Qd2 Qc7
21. Nc3 Qc6+ 22. Kg1 Ne6 23. Nd5 b5 24. Re4 a6 25. Qh6 Rac8 26. Rde1 bxc4 27.
bxc4 Qb7 28. h4 Qb2 29. h5 Qg7 30. Qe3 Qb2 31. hxg6 hxg6 32. Rxe6 fxe6 33.
Qxe6+ Kg7 34. Nxe7 Qf6 35. Qd7 Rf8 36. Nxc8+ 1-0

[Event "Oberhausen- Kray"]
[Site "?"]
[Date "2023.03.19"]
[Round "6.7"]
[White "Kleeberg, Stefan"]
[Black "Barutta, Larissa"]
[Result "0-1"]
[WhiteElo "1550"]
[BlackElo "1595"]
[Annotator "daniel"]
[PlyCount "84"]
[SourceDate "2022.10.02"]

1. d4 d5 2. c4 e6 3. Nc3 c6 4. Nf3 Bb4 5. a3 Ba5 6. b4 Bc7 7. e3 Nf6 8. Bb2
Nbd7 9. Qc2 O-O 10. Bd3 h6 11. Ne2 Re8 12. O-O-O a6 13. Ng3 b5 14. c5 a5 15. e4
dxe4 16. Nxe4 Nd5 17. bxa5 Rxa5 18. g3 b4 19. a4 Ba6 20. Bxa6 Rxa6 21. Kd2 N7f6
22. Nxf6+ Qxf6 23. Ke2 Rea8 24. Ra1 $11 Qd8 25. Ra2 Qb8 26. Qb3 Qa7 27. Rha1
Ra5 28. Nd2 Qb8 29. Nc4 R5a7 30. Kf3 Qd8 31. Rd1 Nc3 32. Bxc3 bxc3 33. Nb6 Bxb6
34. cxb6 Rb7 35. a5 Ra6 36. Rda1 Qxd4 37. Ra4 Qc5 38. Qc2 Rd7 39. R1a3 Rd2 40.
Qxc3 Rxf2+ 41. Kg4 Qf5+ 42. Kh4 Rxh2# 0-1

[Event "Sodingen 2- Brackel 4"]
[Site "?"]
[Date "2023.03.19"]
[Round "6.1"]
[White "Boehm, Malte"]
[Black "Evertz, Dieter"]
[Result "1-0"]
[WhiteElo "2021"]
[BlackElo "2051"]
[PlyCount "83"]
[SourceDate "2022.10.02"]

1. e4 d5 2. exd5 Qxd5 3. d4 e5 4. Nc3 Bb4 5. a3 Bxc3+ 6. bxc3 Nc6 7. Nf3 e4 8.
Nd2 Nf6 9. Nc4 O-O 10. Bf4 Bg4 11. Qd2 Qd7 12. Ne3 Nd5 13. Nxd5 Qxd5 14. Bxc7
Rac8 15. Qf4 Qd7 16. Bd6 Rfd8 17. Bb5 Be6 18. Bb4 Qd5 19. Bxc6 Rxc6 20. Qg3
Rdc8 21. Qe5 Qc4 22. Qxe4 b6 23. Qd3 Qd5 24. O-O a5 25. Be7 Rxc3 26. Qa6 R3c6
27. Rfd1 Rxc2 28. Qxb6 Qf5 29. Bh4 g5 30. Bg3 h5 31. d5 Bd7 32. h4 gxh4 33.
Bxh4 R8c4 34. Qf6 Qxf6 35. Bxf6 h4 36. Rd4 h3 37. Kh2 Rxd4 38. Bxd4 Rc4 39. Bb6
hxg2 40. Kxg2 a4 41. Rh1 Rc3 42. Bd4 1-0